[Event "AUTO-ADV-4811"]
[Site "http://www.queenalice.com/game.php?id=1854490"]
[Date "2025.3.25"]
[Round "2"]
[White "Leftpawn"]
[Black "ThiagoBrumN"]
[Result "1-0"]
[WhiteElo "1768"]
[BlackElo "1793"]

1. e4 e5 2. Nf3 Nc6 3. Bb5 Nge7 4. Nc3 a6 5. Ba4 Ng6 6. O-O Be7 7. Nd5 d6 8.
Nxe7 Nxe7 9. Bxc6+ Nxc6 10. d4 exd4 11. Nxd4 Bd7 12. Re1 O-O 13. Nf5 Qf6 14. Qf3
Rae8 15. Bd2 Ne5 16. Qh3 Kh8 17. Qb3 Qg6 18. f4 Be6 19. Qxb7 Nf3+ 20. Kf2 Nxd2
21. Ng3 Nxe4+ 22. Nxe4 Rb8 23. Qxc7 Rxb2 24. Kg1 Bd5 25. Qe7 Rxc2 26. Qxf8# 1-0

[Event "AUTO-ADV-4811"]
[Site "http://www.queenalice.com/game.php?id=1854491"]
[Date "2025.3.25"]
[Round "2"]
[White "carlitomontana93270"]
[Black "Leftpawn"]
[Result "1-0"]
[WhiteElo "1823"]
[BlackElo "1760"]

1. c4 Nf6 2. d3 g6 3. g3 Bg7 4. Bg2 d6 5. Nf3 O-O 6. O-O e5 7. Nc3 Nc6 8. Bd2
Re8 9. Bg5 Ne7 10. Bd2 c6 11. a3 Bd7 12. b4 Nc8 13. Bg5 Ne7 14. Bxf6 Bxf6 15.
Rc1 b6 16. Ne4 Nc8 17. Nxf6+ Qxf6 18. e3 Rb8 19. h3 Qg7 20. Nd2 Qh6 21. Kh2 Ne7
22. e4 g5 23. g4 Ng6 24. f3 Nf4 25. Rf2 1-0

[Event "AUTO-ADV-4811"]
[Site "http://www.queenalice.com/game.php?id=1854492"]
[Date "2025.3.25"]
[Round "2"]
[White "Leftpawn"]
[Black "carlitomontana93270"]
[Result "0-1"]
[WhiteElo "1775"]
[BlackElo "1808"]

1. e4 c5 2. Nf3 d6 3. d4 cxd4 4. Nxd4 e5 5. Nf3 g6 6. Bc4 Bg7 7. Ng5 Nh6 8. O-O
O-O 9. Nc3 a6 10. Re1 b5 11. Bd5 Ra7 12. Be3 Bb7 13. Rb1 Nc6 14. Bxa7 Qxg5 15.
Be3 Qe7 16. Qf3 Nd4 17. Bxd4 exd4 18. Ne2 Bc8 19. Nxd4 Bxd4 20. c3 Bg7 21. Rbd1
Be6 22. h3 Bd7 23. Qg3 Be5 24. Qe3 Bg7 25. b4 Qf6 0-1

[Event "AUTO-ADV-4855"]
[Site "http://www.queenalice.com/game.php?id=1854566"]
[Date "2025.3.27"]
[Round "1"]
[White "altair"]
[Black "Leftpawn"]
[Result "0-1"]
[WhiteElo "1859"]
[BlackElo "1759"]

1. e4 c5 2. d3 d6 3. h3 e5 4. Nf3 Nf6 5. Nc3 Be7 6. Be2 Be6 7. O-O Nbd7 8. a3 a6
9. b4 cxb4 10. axb4 Rc8 11. Bb2 O-O 12. Na4 b5 13. Nc3 Qb6 14. d4 Bc4 15. d5
Bxe2 16. Qxe2 h6 17. Bc1 Rxc3 18. Bb2 Rcc8 19. Rac1 Rc4 20. Nd2 Rxb4 21. Ba3 Ra4
22. Nb1 b4 23. Bb2 Ra2 24. c3 bxc3 25. Rxc3 Rxb2 26. Nd2 Nxe4 27. Qxe4 Rxd2 28.
Rc6 Qb5 29. Rfc1 Re2 30. Qg4 Qxd5 31. Qxd7 Rxf2 32. R6c2 Qxg2# 0-1

[Event "AUTO-ADV-4855"]
[Site "http://www.queenalice.com/game.php?id=1854567"]
[Date "2025.3.27"]
[Round "1"]
[White "Leftpawn"]
[Black "altair"]
[Result "1-0"]
[WhiteElo "1829"]
[BlackElo "1798"]

1. e4 e5 2. Nf3 d6 3. d4 Nc6 4. d5 Nce7 5. Bd3 h6 6. O-O Nf6 7. Re1 b6 8. Nc3 c6
9. dxc6 Nxc6 10. a3 Be7 11. Nd5 O-O 12. Nxe7+ Qxe7 13. Bd2 Bg4 14. Bb5 Nd4 15.
Be2 Rac8 16. Nxd4 Bxe2 17. Qxe2 exd4 18. Bb4 Qd7 19. e5 dxe5 20. Bxf8 Rxf8 21.
Qxe5 Re8 22. Qg3 Qc6 23. c3 dxc3 24. Rxe8+ Qxe8 25. Qxc3 Nd5 26. Qb3 Nf6 27. h3
Nh5 28. Qe3 Qb5 29. Rb1 Qf5 30. Rc1 Nf4 31. Qf3 Qe5 32. Rc2 Ng6 33. Re2 Qc7 34.
Qc3 Qd6 35. Rd2 Qe6 36. Rd8+ Kh7 37. Qd2 a5 38. Rd6 Qe4 39. Rxb6 Nh4 40. f3 Qf5
41. Qe2 Qc5+ 42. Kh1 Nf5 43. Qd3 Qxb6 44. Qxf5+ Qg6 45. Qxg6+ Kxg6 46. Kg1 Kf5
47. b4 axb4 48. axb4 Ke5 49. Kf2 Kd5 50. f4 Kc4 51. Kf3 f5 52. Ke3 Kxb4 53. Kd4
g6 54. g4 fxg4 55. hxg4 Kb5 56. Ke5 h5 57. f5 h4 58. fxg6 h3 59. g7 h2 60. g8=Q
h1=Q 61. Qd5+ Qxd5+ 62. Kxd5 Kb6 63. g5 Kc7 64. g6 1-0

[Event "AUTO-ADV-4855"]
[Site "http://www.queenalice.com/game.php?id=1854580"]
[Date "2025.3.27"]
[Round "1"]
[White "MMA34"]
[Black "Leftpawn"]
[Result "1-0"]
[WhiteElo "1906"]
[BlackElo "1786"]

1. e4 c5 2. Nf3 d6 3. d4 cxd4 4. Nxd4 Nf6 5. Nc3 e5 6. Nb3 a6 7. Be2 Be6 8. Bg5
Be7 9. O-O Nc6 10. Be3 O-O 11. f3 Rc8 12. f4 exf4 13. Bxf4 Qd7 14. Bf3 Ne5 15.
Bxe5 dxe5 16. Qxd7 Bxd7 17. Rad1 b5 18. Rd2 b4 19. Ne2 Bb5 20. Rfd1 g6 21. h3
Bc6 22. c3 Nxe4 23. Bxe4 Bxe4 24. Ng3 Bc6 25. Nf1 Ba4 26. Re1 bxc3 27. bxc3 Bxb3
28. axb3 Bf6 29. c4 a5 30. Rd5 1-0

[Event "AUTO-ADV-4855"]
[Site "http://www.queenalice.com/game.php?id=1854581"]
[Date "2025.3.27"]
[Round "1"]
[White "Leftpawn"]
[Black "MMA34"]
[Result "0-1"]
[WhiteElo "1798"]
[BlackElo "1894"]

1. e4 c5 2. Nf3 d6 3. d4 cxd4 4. Qxd4 Nc6 5. Qd1 Nf6 6. Nc3 Bg4 7. Be2 e5 8. Be3
Be7 9. Nd5 Nxe4 10. Nxe7 Qxe7 11. h3 Bd7 12. Bd3 Nf6 13. O-O O-O 14. Ng5 e4 15.
Bc4 h6 16. Bxf7+ Rxf7 17. Nxf7 Qxf7 18. Qxd6 Rd8 19. Qg3 Kh7 20. c3 a6 21. b3
Bf5 22. Rad1 Qe7 23. Qf4 Bg6 24. b4 Bf7 25. Bc5 Qe8 26. Rxd8 Qxd8 27. Qe3 Bg6
28. Bd4 Nd5 29. Qe1 Nxd4 0-1

[Event "AUTO-ADV-4855"]
[Site "http://www.queenalice.com/game.php?id=1854590"]
[Date "2025.3.27"]
[Round "1"]
[White "Leftpawn"]
[Black "matamuff"]
[Result "0-1"]
[WhiteElo "1779"]
[BlackElo "1892"]

1. e4 Nf6 2. Nc3 d5 3. exd5 Nxd5 4. b3 Nxc3 5. dxc3 Qxd1+ 6. Kxd1 e5 7. Bb2 f6
8. Kd2 Bc5 9. f3 Be6 10. Rd1 c6 11. Kc1 Ke7 12. Ne2 Na6 13. Ng3 Be3+ 14. Kb1
Rhd8 15. Rxd8 Rxd8 16. Bd3 Nc7 17. Nf5+ Bxf5 18. Bxf5 g6 19. Bh3 a5 20. c4 b5
21. cxb5 cxb5 22. g4 b4 23. Bc1 Bxc1 24. Kxc1 Ne6 25. Bf1 Nf4 26. h3 g5 27. Kb2
Rd1 28. Bg2 Rxh1 29. Bxh1 Kd6 30. a3 Kc5 31. a4 Nxh3 32. Bg2 Nf4 33. Bf1 h5 34.
Ba6 Kd4 35. Bb7 h4 0-1

[Event "AUTO-ADV-4855"]
[Site "http://www.queenalice.com/game.php?id=1854591"]
[Date "2025.3.27"]
[Round "1"]
[White "matamuff"]
[Black "Leftpawn"]
[Result "1/2-1/2"]
[WhiteElo "1904"]
[BlackElo "1785"]

1. Na3 Nf6 2. Nf3 g6 3. b3 Bg7 4. Bb2 d6 5. g3 O-O 6. Bg2 c5 7. O-O Nc6 8. c3 a6
9. Rb1 Be6 10. d3 Rb8 11. Nc4 b5 12. Ne3 b4 13. c4 Qc7 14. Ng5 Bd7 15. Nf3 e5
16. Nd2 Nd4 17. Ne4 Bc6 18. Nxf6+ Bxf6 19. Nd5 Bxd5 20. Bxd5 Nf5 21. Be4 Ne7 22.
Bc1 Rbd8 23. Bh6 Bg7 24. Bxg7 Kxg7 25. Qd2 Ng8 26. h4 f5 27. Bd5 Ne7 28. Bg2 Nc6
29. Bxc6 Qxc6 30. f3 a5 31. Kh2 Qe8 32. Kg2 Qe7 33. Qg5 Qxg5 34. hxg5 f4 35. g4
Rh8 36. Rh1 h5 37. gxh5 gxh5 38. Kf2 Kg6 39. Rbg1 Rdg8 40. Rg2 Kf5 41. Rhg1 Rg6
42. Rh1 Rxg5 43. Rxg5+ Kxg5 44. Rg1+ Kf5 45. Rh1 h4 46. Kg2 Kg5 47. Kh3 Rh6 48.
Rg1+ Kh5 49. Rg4 Rg6 50. Rxg6 1/2-1/2

[Event "AUTO-ADV-4841"]
[Site "http://www.queenalice.com/game.php?id=1859173"]
[Date "2025.6.24"]
[Round "2"]
[White "silverado"]
[Black "Leftpawn"]
[Result "0-1"]
[WhiteElo "2016"]
[BlackElo "1824"]

1. d4 Nf6 2. e3 g6 3. Bd3 Bg7 4. c3 d6 5. h3 O-O 6. Nf3 Nc6 7. O-O Re8 8. Na3 e5
9. dxe5 dxe5 10. Qc2 e4 11. Rd1 exd3 12. Rxd3 Qe7 13. Bd2 Bf5 14. Ne1 Bxd3 15.
Nxd3 Ne4 16. Nc4 Nxd2 17. Qxd2 Rad8 18. f4 Qe6 19. b3 Qf5 20. Ncb2 Nb8 21. Re1
Nc6 22. g4 Qa5 23. Na4 b5 24. Nb4 Rxd2 25. Nxc6 Qa6 26. Nb4 Qb7 0-1

[Event "AUTO-ADV-4841"]
[Site "http://www.queenalice.com/game.php?id=1859174"]
[Date "2025.6.24"]
[Round "2"]
[White "Leftpawn"]
[Black "silverado"]
[Result "0-1"]
[WhiteElo "1851"]
[BlackElo "2090"]

1. e4 e5 2. Nf3 Nc6 3. Bb5 Qf6 4. Bxc6 dxc6 5. O-O Bd6 6. Nc3 b5 7. d4 Bg4 8.
dxe5 Bxe5 9. Bd2 h6 10. Rb1 b4 11. Na4 a5 12. c3 Ne7 13. Nc5 O-O 14. Re1 Rfd8
15. Re3 Bf4 16. Rd3 Rxd3 17. Nxd3 Bxd2 18. Qxd2 Rd8 19. Qe3 g5 20. Nde5 Bxf3 21.
Nxf3 g4 22. Nd4 bxc3 23. bxc3 c5 24. Ne2 c4 25. g3 Kg7 26. Nf4 Qg5 27. Kg2 Re8
28. Rd1 Nf5 29. Ne6+ Rxe6 30. Qxg5+ hxg5 31. Re1 Nd6 32. f3 gxf3+ 33. Kxf3 Nf5
34. Kg4 Kf6 35. Kf3 Nh6 36. h3 c5 37. g4 Ke5 38. Rd1 Rd6 39. Rxd6 Kxd6 40. Ke3
Ke5 41. Kf3 f6 42. Ke3 Nf7 43. Kf3 Nd6 0-1

[Event "AUTO-ADV-4841"]
[Site "http://www.queenalice.com/game.php?id=1859175"]
[Date "2025.6.24"]
[Round "2"]
[White "chessman"]
[Black "Leftpawn"]
[Result "1-0"]
[WhiteElo "2010"]
[BlackElo "1844"]

1. e4 e5 2. Nf3 Nc6 3. Bb5 Bd6 4. O-O Nge7 5. Re1 O-O 6. d4 exd4 7. e5 Nxe5 8.
Nxe5 c6 9. Bc4 Qa5 10. Nd3 b5 11. Bb3 h6 12. Qg4 Be5 13. Rxe5 d6 14. Rxe7 Bxg4
15. Bd2 Qd8 16. Re1 c5 17. Bd5 Rb8 18. Na3 c4 19. Nb4 Bd7 20. Bc6 Be6 21. Bxb5
d5 22. Nc6 Qc7 23. Nxb8 Qxb8 24. b3 c3 25. Bc1 Qb6 26. Bd3 Qd8 27. Bf4 Bg4 28.
Nb5 Qh4 29. Bg3 Qg5 30. Nxa7 g6 31. Re5 Qd8 32. Nb5 Re8 33. Rae1 Rxe5 34. Rxe5
Kg7 35. a4 f6 36. Re1 Bf5 37. Nxd4 Bxd3 38. Ne6+ 1-0

[Event "AUTO-ADV-4841"]
[Site "http://www.queenalice.com/game.php?id=1859176"]
[Date "2025.6.24"]
[Round "2"]
[White "Leftpawn"]
[Black "chessman"]
[Result "1-0"]
[WhiteElo "1803"]
[BlackElo "2042"]

1. e4 e6 2. d4 d5 3. e5 c5 4. Nf3 cxd4 5. Qxd4 Nc6 6. Qd1 Qb6 7. c3 Bd7 8. b3
Nge7 9. Nbd2 Ng6 10. g3 Be7 11. Qe2 O-O 12. Bg2 Rac8 13. O-O Ngxe5 14. Nxe5 Nxe5
15. Qxe5 Bf6 16. Qf4 Bxc3 17. Rb1 e5 18. Qe3 Bf5 19. Qxb6 axb6 20. Bb2 Bxb1 21.
Bxc3 Rxc3 22. Nxb1 Rd3 23. h3 Rc8 24. h4 f6 25. Re1 Rc2 26. Bf1 Rd4 27. a3 h6
28. b4 g5 29. Bh3 Rd3 30. Bf5 1-0

[Event "AUTO-ADV-4886"]
[Site "http://www.queenalice.com/game.php?id=1861707"]
[Date "2025.8.17"]
[Round "1"]
[White "matamuff"]
[Black "Leftpawn"]
[Result "1/2-1/2"]
[WhiteElo "1850"]
[BlackElo "1860"]

1. Na3 Nf6 2. Nf3 g6 3. d4 Bg7 4. c3 d6 5. Bf4 O-O 6. h3 Nc6 7. e3 Be6 8. Be2
Nh5 9. Bh2 Re8 10. O-O a6 11. Nd2 b5 12. Bxh5 gxh5 13. Nf3 Bf5 14. Nc2 e5 15.
dxe5 Nxe5 16. Nxe5 dxe5 17. Qxd8 Raxd8 18. Ne1 e4 19. Bxc7 Rc8 20. Bf4 a5 21.
Rb1 Re6 22. Nc2 Rg6 23. Kh2 b4 24. Nd4 Bxd4 25. cxd4 Be6 26. b3 Rc2 27. a3 bxa3
28. Ra1 Bxb3 29. Be5 a2 30. Kg1 Rg5 31. Rfc1 Rxc1+ 32. Rxc1 Be6 33. h4 Rg6 34.
Kf1 f6 35. Bc7 a4 36. g3 f5 37. Ba5 Bb3 38. Ra1 Kf7 39. Ke2 Rc6 40. Bd2 Rc2 41.
Kd1 Rb2+ 42. Kc1 Ke6 43. Kxb2 Kd6 44. Rxa2 Kd5 45. Ra1 Kc4 46. Re1 Kd3 47. Bb4
Kc4 48. Ba5 Kd3 49. Ka3 Kc4 50. Rc1+ Kd3 51. Re1 Kc4 52. Bb4 1/2-1/2

[Event "AUTO-ADV-4886"]
[Site "http://www.queenalice.com/game.php?id=1861708"]
[Date "2025.8.17"]
[Round "1"]
[White "Leftpawn"]
[Black "matamuff"]
[Result "1/2-1/2"]
[WhiteElo "1859"]
[BlackElo "1875"]

1. e4 Nf6 2. Nc3 d5 3. e5 Nfd7 4. Nf3 Nb6 5. d4 Bg4 6. Be2 e6 7. O-O Be7 8. b3
a6 9. Qd3 h6 10. Nh4 Bxe2 11. Qxe2 Bxh4 12. Bf4 Bg5 13. Bg3 Bh4 14. Qg4 Qg5 15.
Qxh4 Qxh4 16. Bxh4 Nc6 17. Ne2 g5 18. Bg3 O-O-O 19. c3 Ne7 20. a4 Nf5 21. a5 Nd7
22. h3 Nxg3 23. Nxg3 Rdf8 24. Ra4 f5 25. exf6 Rxf6 26. c4 Nb8 27. Ne2 Nc6 28. c5
Ne7 29. Ng3 h5 30. f3 h4 31. Nh1 Nf5 32. Re1 c6 33. Nf2 Nh6 34. b4 Rf4 35. Rd1
Rhf8 36. Ra2 Nf5 37. Nh1 Ng3 38. Nxg3 hxg3 39. Ra3 Rh4 40. Re3 Kd7 41. Re5 Rf5
42. Rxf5 exf5 43. Rd3 f4 44. Re3 Rh6 45. Re5 Rg6 46. Kf1 Kd8 1/2-1/2

[Event "AUTO-ADV-4886"]
[Site "http://www.queenalice.com/game.php?id=1861719"]
[Date "2025.8.17"]
[Round "1"]
[White "askasl159"]
[Black "Leftpawn"]
[Result "0-1"]
[WhiteElo "1551"]
[BlackElo "1867"]

1. e4 e5 2. f4 exf4 3. Nf3 Nf6 4. Nc3 Bc5 5. d4 Bb4 6. Bxf4 O-O 7. Bc4 Nxe4 8.
O-O Nxc3 9. bxc3 Bxc3 10. Rb1 d5 11. Bb3 c6 12. Qd3 Bb4 13. Ng5 g6 14. Bxb8 Qxg5
15. Bf4 Qe7 16. Bh6 Rd8 17. c3 Bf5 18. Rxf5 gxf5 19. Qxf5 f6 20. cxb4 Rd6 21. b5
Re8 22. bxc6 bxc6 23. Rf1 Qe4 24. Bc2 Qxf5 25. Rxf5 Kf7 26. Kf2 Rde6 27. Bd3 Rb8
28. Bc1 Rg8 29. Rh5 Ke8 30. Rxh7 Re7 31. Rh6 Kf7 32. Ba3 Re6 33. Bf5 Ree8 34.
Rh7+ Rg7 35. Rh6 Reg8 36. g4 Ke8 0-1

[Event "AUTO-ADV-4886"]
[Site "http://www.queenalice.com/game.php?id=1861720"]
[Date "2025.8.17"]
[Round "1"]
[White "Leftpawn"]
[Black "askasl159"]
[Result "1-0"]
[WhiteElo "1863"]
[BlackElo "1555"]

1. e4 e5 2. Nf3 Nc6 3. Bb5 Nge7 4. O-O a6 5. Ba4 b5 6. Bb3 Bb7 7. Nc3 g6 8. Re1
Bg7 9. d3 O-O 10. Rb1 Nd4 11. Nxd4 exd4 12. Nd5 c6 13. Nf4 d5 14. e5 c5 15. c4
dxc4 16. dxc4 bxc4 17. Bxc4 Bd5 18. Nxd5 Nxd5 19. f4 Bh6 20. Bd2 Nxf4 21. Bxf4
Bxf4 22. g3 Be3+ 23. Kh1 Ra7 24. Qe2 Qa8+ 25. Qg2 Re8 26. Qxa8 Raxa8 27. b4 Rxe5
28. Rf1 Ra7 29. b5 axb5 30. Rxb5 Ra4 31. Rb8+ Kg7 32. Rxf7+ Kh6 33. Rbb7 Rxc4
34. Rxh7+ Kg5 35. Rh4 1-0

[Event "AUTO-ADV-4886"]
[Site "http://www.queenalice.com/game.php?id=1861727"]
[Date "2025.8.17"]
[Round "1"]
[White "Leftpawn"]
[Black "Castling"]
[Result "0-1"]
[WhiteElo "1870"]
[BlackElo "1887"]

1. e4 e5 2. Nf3 d6 3. d4 Bg4 4. d5 Nf6 5. Nc3 a6 6. Be2 h6 7. O-O Nbd7 8. Re1
Nc5 9. h3 Bd7 10. Bc4 Qe7 11. b4 Na4 12. Nxa4 Bxa4 13. a3 Qd7 14. Nd2 b5 15. Bd3
Be7 16. Bb2 O-O 17. Nb1 Rac8 18. Nc3 c5 19. dxc6 Rxc6 20. Nd5 Nxd5 21. exd5 Rcc8
22. Re2 Bd8 23. Bc1 Rc3 24. Qd2 Qc7 25. Ra2 Bg5 26. Qd1 Bxc1 27. Qxc1 Qa7 28.
Be4 Rfc8 29. Bf5 R8c7 30. Be4 Qd4 31. Kf1 Qc4 32. Ke1 f6 33. Rb2 Rxa3 34. f3
Qc3+ 35. Kd1 Qd4+ 36. Qd2 Ra1+ 0-1

[Event "AUTO-ADV-4886"]
[Site "http://www.queenalice.com/game.php?id=1861728"]
[Date "2025.8.17"]
[Round "1"]
[White "Castling"]
[Black "Leftpawn"]
[Result "1-0"]
[WhiteElo "1905"]
[BlackElo "1848"]

1. e4 e5 2. Bc4 Nf6 3. d3 Bc5 4. h3 O-O 5. Bg5 h6 6. Bh4 Nc6 7. a3 a6 8. Nc3 Qe8
9. Bxf6 gxf6 10. Qh5 Ne7 11. Qxh6 Ng6 12. Nge2 Nh8 13. Qxf6 Ng6 14. Qxg6+ Kh8
15. Qh6+ Kg8 16. Ng3 d5 17. Nxd5 Be7 18. Nh5 1-0

[Event "AUTO-ADV-4845"]
[Site "http://www.queenalice.com/game.php?id=1862491"]
[Date "2025.9.3"]
[Round "2"]
[White "silverado"]
[Black "Leftpawn"]
[Result "1/2-1/2"]
[WhiteElo "1950"]
[BlackElo "1855"]

1. e4 c5 2. d4 cxd4 3. Qxd4 Nc6 4. Qa4 Nf6 5. Nc3 e6 6. a3 Bc5 7. Be3 Bxe3 8.
fxe3 O-O 9. O-O-O Qb6 10. Rd3 Ne5 11. Rd4 Nc6 12. Rd3 Ne5 13. Rd4 Nc6 14. Rd3
1/2-1/2

[Event "AUTO-ADV-4845"]
[Site "http://www.queenalice.com/game.php?id=1862492"]
[Date "2025.9.3"]
[Round "2"]
[White "Leftpawn"]
[Black "silverado"]
[Result "1-0"]
[WhiteElo "1837"]
[BlackElo "2098"]

1. e4 e5 2. Nf3 Nc6 3. Bb5 Qf6 4. Nc3 Nce7 5. O-O c6 6. Ba4 b5 7. Bb3 h6 8. d4
d6 9. d5 b4 10. Ne2 Ba6 11. Re1 Bb5 12. Bd2 c5 13. c4 bxc3 14. bxc3 Nc8 15. c4
Ba6 16. Ba4+ Ke7 17. Qb3 Nb6 18. Bb5 Bxb5 19. cxb5 Kd7 20. Ng3 g6 21. a4 Bg7 22.
a5 c4 23. Qc3 Nxd5 24. Qxc4 Nc7 25. Be3 Ne7 26. Rac1 Ne6 27. Red1 Rhc8 28. Qa4
Rxc1 29. Rxc1 Nc5 30. Bxc5 dxc5 31. Rxc5 Qf4 32. b6+ Kd8 33. b7 Rb8 34. Qb5 Bf6
35. h3 g5 36. Rc4 g4 37. Ne2 1-0

[Event "AUTO-ADV-4845"]
[Site "http://www.queenalice.com/game.php?id=1862495"]
[Date "2025.9.3"]
[Round "2"]
[White "scarabeli"]
[Black "Leftpawn"]
[Result "1-0"]
[WhiteElo "2056"]
[BlackElo "1845"]

1. d4 Nf6 2. c4 g6 3. Nc3 Bg7 4. e4 d6 5. Nf3 O-O 6. h3 Nc6 7. d5 Ne5 8. Nxe5
dxe5 9. Be2 e6 10. Be3 exd5 11. cxd5 b6 12. O-O Bb7 13. Qb3 c5 14. a4 a6 15. a5
b5 16. Bxc5 Re8 17. Rfd1 Rc8 18. Be3 Re7 19. Bb6 Qd7 20. Qb4 Bf8 21. Nxb5 axb5
22. Bxb5 Nxd5 23. Bxd7 Nxb4 24. Bxc8 Bxc8 25. Rd8 Bb7 26. Bc5 Nc6 27. Bxe7 Nxe7
28. a6 1-0

[Event "AUTO-ADV-4845"]
[Site "http://www.queenalice.com/game.php?id=1862496"]
[Date "2025.9.3"]
[Round "2"]
[White "Leftpawn"]
[Black "scarabeli"]
[Result "0-1"]
[WhiteElo "1860"]
[BlackElo "2047"]

1. e4 c5 2. Nf3 d6 3. d4 cxd4 4. Nxd4 Nf6 5. Nc3 a6 6. Bd3 g6 7. O-O Bg7 8. Nb3
O-O 9. Be3 Nc6 10. h3 b5 11. Rb1 Ne5 12. Nd5 Nxd5 13. exd5 Qc7 14. Bd4 Bb7 15.
Be4 a5 16. Rc1 f5 17. Bd3 Bxd5 18. Bxb5 Qb7 19. Be2 Bxg2 20. Re1 Bh1 21. Bf1
Nf3+ 22. Kxh1 Nxe1+ 23. Kg1 Nf3+ 0-1